Democracy, Justice and Exception

Detalles Bibliográficos
Autor principal: Soares de Moura Costa Matos, Andityas
Formato: eBook
Lenguaje:portugués
Publicado: Belo Horizonte: Initia Via Editora, 2015
Materias:
Acceso en línea:Acceso restringido

MARC

LEADER 00000nam a22000007a 4500
005 20210421223911.0
007 cr|||| ||||
008 210421s2015 br |||||s|||| 00||0 por d
020 |a 978-85-64912-56-4 
035 |a 33009 
040 |a vLex 
090 |c 11494  |d 11494 
100 1 |a Soares de Moura Costa Matos, Andityas 
245 1 0 |a Democracy, Justice and Exception  |h [Recurso electrn̤ico] /  |c Andityas Soares de Moura Costa Matos 
256 |a Servicio en ln̕ea 
260 |a Belo Horizonte:  |b Initia Via Editora,  |c 2015 
300 |a 1 recurso electrn̤ico 
506 1 |a Disponible solo en los productos indicados  |d vLex Global  |d vLex Global (Academic Edition, excluding Law Schools)  |d vLex Global (U.S. Academic Edition, Law Schools)  |d vLex Global (U.S. Academic Edition, excluding Law Schools)  |d vLex Global (Academic Edition, Law Schools) 
650 0 4 |a Ciencias sociales  |z Brasil 
740 0 |a vLex Libros (Servicio en ln̕ea) 
856 4 0 |u https://vlex.com/source/democracy-justice-exception-33009  |z Acceso restringido 
942 |c BOOK 
999 0 |a Social Sciences